Global game change : (Record no. 4582)

MARC details
000 -LEADER
fixed length control field 00995cam a2200289 4500
001 - CONTROL NUMBER
control field 5453
005 - DATE AND TIME OF LATEST TRANSACTION
control field 20181127175545.0
008 - FIXED-LENGTH DATA ELEMENTS--GENERAL INFORMATION
fixed length control field 151007s2016 ii b 000 0 eng
010 ## - LIBRARY OF CONGRESS CONTROL NUMBER
LC control number 2015039140
020 ## - INTERNATIONAL STANDARD BOOK NUMBER
International Standard Book Number 9789351506409 (hardback : alk. paper)
Canceled/invalid ISBN 9789351506393 (epub)
Canceled/invalid ISBN 9789351506416 (ebook)
042 ## - AUTHENTICATION CODE
Authentication code pcc
043 ## - GEOGRAPHIC AREA CODE
Geographic area code d------
100 1# - MAIN ENTRY--PERSONAL NAME
Personal name Naisbitt, John,
Relator term author.
245 10 - TITLE STATEMENT
Title Global game change :
Remainder of title how the global Southern belt will reshape our world /
Statement of responsibility, etc. John and Doris Naisbitt.
264 #1 - PRODUCTION, PUBLICATION, DISTRIBUTION, MANUFACTURE, AND COPYRIGHT NOTICE
Place of production, publication, distribution, manufacture New Delhi ;
-- Thousand Oaks :
Name of producer, publisher, distributor, manufacturer SAGE,
Date of production, publication, distribution, manufacture, or copyright notice [2016]
300 ## - PHYSICAL DESCRIPTION
Extent pages cm
336 ## - CONTENT TYPE
Content type term text
Source rdacontent
337 ## - MEDIA TYPE
Media type term unmediated
Source rdamedia
338 ## - CARRIER TYPE
Carrier type term volume
Source rdacarrier
504 ## - BIBLIOGRAPHY, ETC. NOTE
Bibliography, etc. note Includes bibliographical references.
650 #0 - SUBJECT ADDED ENTRY--TOPICAL TERM
Topical term or geographic name entry element Economic development
Geographic subdivision Developing countries.
651 #0 - SUBJECT ADDED ENTRY--GEOGRAPHIC NAME
Geographic name Developing countries
General subdivision Economic conditions
Chronological subdivision 21st century.
Geographic name Developing countries
General subdivision Foreign economic relations.
700 1# - ADDED ENTRY--PERSONAL NAME
Personal name Naisbitt, Doris,
Relator term author.
Holdings
Withdrawn status Lost status Source of classification or shelving scheme Damaged status Not for loan Collection code Home library Current library Shelving location Date acquired Serial Enumeration / chronology Inventory number Total Checkouts Full call number Barcode Date last seen Date last checked out Price effective from Koha item type
    Dewey Decimal Classification     Main TEST RTC Library RTC Library Main opac 17/03/2022 8817 1 330.917 NAI 30008828 31/03/2022 17/03/2022 27/11/2018 Main
Royal Thimphu College || All Right Reserved